|
|
|
|
| LEADER |
00000nam0a2200000 4500 |
| 001 |
20911 |
| 005 |
20231101205403.0 |
| 010 |
|
|
|a 5210002586
|
| 035 |
|
|
|a (RuTPU)RU\TPU\book\21101
|
| 035 |
|
|
|a BOOK00021171
|
| 090 |
|
|
|a 20911
|
| 100 |
|
|
|a 20011209d1991 m y0rusy50 ca
|
| 101 |
1 |
|
|a rus
|c fre
|
| 102 |
|
|
|a RU
|
| 105 |
|
|
|a a z 000zb
|
| 200 |
1 |
|
|a Эдит Пиаф
|e пер. с фр.
|f С. Берто
|
| 210 |
|
|
|a Москва
|c Искусство
|d 1991
|
| 215 |
|
|
|a 319 с.
|c ил.
|
| 600 |
|
1 |
|a Пиаф
|g Эдит
|b Э.
|c настоящая фамилия Гасьон
|c французская эстрадная певица
|f 1915 - 1963
|2 stltpui
|3 (RuTPU)RU\TPU\pers\1578
|
| 606 |
1 |
|
|a Вокальная музыка
|2 stltpush
|3 (RuTPU)RU\TPU\subj\3505
|9 31908
|
| 610 |
1 |
|
|a музыка
|
| 610 |
1 |
|
|a вокальная музыка
|
| 610 |
1 |
|
|a Франция
|
| 610 |
1 |
|
|a 20 век
|
| 675 |
|
|
|a 784
|v 3
|
| 700 |
|
1 |
|a Берто
|b С.
|g Симона
|
| 801 |
|
0 |
|a RU
|b 63413507
|c 20011209
|g PSBO
|
| 801 |
|
2 |
|a RU
|b 63413507
|c 20140923
|g PSBO
|
| 942 |
|
|
|c BK
|